00497pab a2200169 454500008004000000100002700040245010100067260000900168300001300177362001000190650002900200650001300229650002100242650001300263700003100276773002000307180718b2012 xxu||||| |||| 00| 0 eng d aMishra, Pradipta Kumar aQuality management and excellence in teaching and learning for higher education: Need of the day c2012 ap.20-25. a9 Jan aTotal quality management aLearning aHigher education aTeaching aPatt Nayak, Pradipta Kumar aUniversity News